000 01578nam a22003977a 4500
003 CHAP
005 20220329133842.0
008 971013s1986 r 00010 d
010 _a11788
011 _a12760
035 _a16338
040 _cCHAP
082 _a580
_bG74Y
100 0 0 _aGreulach, Víctor A.
_950648
245 _aPlantas
_b: introducción a la botánica moderna
260 _aMéxico, D.F. Limusa,
_c1986
300 _a679 p.
500 _ac.5-7 reimp. de 1976, c.8 rep. y reimp. de 1990
500 _aTrad. de la 2 ed. en inglés.
590 _aBATCH-UPD
_b10
_c20130110
_lUCH01
_h1819
590 _aBATCH-UPD
_b10
_c20130410
_lUCH01
_h1152
590 _aBATCH-UPD
_b10
_c20130914
_lUCH01
_h0728
590 _aCONVERSION
_b10
_c20130109
_lUCH01
_h1308
650 1 4 _aBotánica.
_914477
700 0 _aAdams, J. Edison.
_9852
901 _aBK
942 _cLIBRO
949 _a580 G74Y
_bBC
_cLIBRO
_d33724000501235
_eLIBRO
_fc.2
_h17316
_i16338
_si
_t90.00
949 _a580 G74Y
_bBC
_cLIBRO
_d33724000792859
_eLIBRO
_h17306
_i16338
_si
_t90.00
949 _a580 G74Y
_bBC
_cLIBRO
_d33724000868816
_eLIBRO
_fc.6
_h44763
_i16338
_si
_t90.00
949 _a580 G74Y
_bBC
_cLIBRO
_d33724000884581
_eLIBRO
_fc.4
_h31834
_i16338
_si
_t90.00
949 _a580 G74Y
_bBC
_cLIBRO
_d33724000884649
_eLIBRO
_fc.5
_h44762
_i16338
_si
_t90.00
949 _a580 G74Y
_bBC
_cLIBRO
_d33724000885018
_eLIBRO
_fc.7
_h44764
_i16338
_si
_t90.00
949 _a580 G74Y
_bBC
_cLIBRO
_d33724000890018
_eLIBRO
_fc.8
_h44766
_i16338
_si
_t90.00
949 _a580 G74Y
_bBC
_cLIBRO
_d33724000972444
_eLIBRO
_fc.3
_h26607
_i16338
_si
_t90.00
999 _c11788
_d11788